书目信息 |
| 题名: |
英汉化学化工词汇
|
|
| 作者: | ;科学出版社 编 | |
| 分册: | ||
| 出版信息: | 北京 科学出版社 1987 |
|
| 页数: | 1731页 | |
| 开本: | 25cm | |
| 丛书名: | ||
| 单 册: | ||
| 中图分类: | O6-61 | |
| 科图分类: | ||
| 主题词: | 化学 , 化学--词汇--英、中 | |
| 电子资源: | ||
| ISBN: | ||
| 000 | 00754nam0 2200253 45 | |
| 001 | 0184011252 | |
| 005 | 20051027162653.26 | |
| 010 | @b精装@dCNY16.60 | |
| 100 | @a19950605d1987 emky0chiy0121 ea | |
| 101 | 0 | @achi@aeng |
| 102 | @aCN@b110000 | |
| 102 | @aCN@b110000 | |
| 105 | @ay z 000yy | |
| 200 | 10 | @a英汉化学化工词汇@Aying han hua xue hua gong ci hui@e第三版(缩印本)@f科学出版社编@Fke xue chu ban she bian |
| 210 | @a北京@c科学出版社@d1987 | |
| 215 | @a1731页@d25cm | |
| 517 | 1 | @a第三版(缩印本)@Adi san ban(suo yin ben) |
| 606 | 0 | @a化学 |
| 606 | @a化学@x词汇@x英、中 | |
| 690 | @aO6-61@v3 | |
| 711 | 02 | @a科学出版社@Ake xue chu ban she@4编 |
| 801 | 2 | @aCN@bNLC@c20051027 |
| 801 | 0 | @aCN@b上海图书馆@c20040920 |
| 905 | @dO6-61@e152=3 | |
| 英汉化学化工词汇:第三版(缩印本)/科学出版社编.-北京:科学出版社,1987 |
| 1731页;25cm |
| ISBN (精装):CNY16.60 |
| ● |
| 相关链接 |
|
|
|
|
正题名:英汉化学化工词汇
索取号:O6-61/152=3
 
预约/预借
| 序号 | 登录号 | 条形码 | 馆藏地/架位号 | 状态 | 备注 |
| 1 | 0205878 | 000556268 | 工具书阅览室/ [索取号:O6-61/152=3] | 在馆 |